New Trends in Crisis Communication in Context of Social Media

Cieľom tohto príspevku bolo na základe prehľadovej analýzy literatúry poukázať na nové trendy v krízovej komunikácii spôsobené vplyvom sociálnych sietí. V tejto štúdii bolo identifikovaných niekoľko nových trendov, ako napríklad: informovanie a vytváranie dialógu, sledovanie verejnej mienky a pochop...

Descrizione completa

Salvato in:
Dettagli Bibliografici
Autore principale: Piatra, Lukáš, 1996-
Natura: Capitolo di libro
Lingua:inglese
Soggetti:
Tags: Aggiungi Tag
Nessun Tag, puoi essere il primo ad aggiungerne!!

MARC

LEADER 00000naa a2200000 4500
001 0292721
005 20240502074503.6
041 0 |a eng 
044 |a SK 
245 1 0 |a New Trends in Crisis Communication in Context of Social Media  |c Lukáš Piatra 
520 |a Cieľom tohto príspevku bolo na základe prehľadovej analýzy literatúry poukázať na nové trendy v krízovej komunikácii spôsobené vplyvom sociálnych sietí. V tejto štúdii bolo identifikovaných niekoľko nových trendov, ako napríklad: informovanie a vytváranie dialógu, sledovanie verejnej mienky a pochopenie logiky sociálnych médií na zlepšenie stratégie krízovej komunikácie. 
610 2 0 |a médiá sociálne 
610 2 0 |a manažment krízový 
610 2 0 |a komunikácia 
610 2 0 |a zdroje ľudské 
100 1 |a Piatra, Lukáš, 1996-